000 00487nam a22001817a 4500
005 20251108170759.0
008 250721s1982 xx 000 0 ara d
082 1 4 _aط/922.175/حنب
100 1 _aآل وصفي، وصفي
245 1 0 _aالإمام أحمد بن حنبل /
264 1 _aالقاهرة :
_c1982.
300 _a19ص
490 0 _aقواد و رواد
650 1 7 _aالتراجم
650 1 7 _aالمذهب الحنبلي
942 _2ddc
_cBK
999 _c48809
_d48809